| 000 | 00729nam a2200217 a 4500 | ||
|---|---|---|---|
| 001 | 10056 | ||
| 003 | BD-JhCC | ||
| 005 | 20230731103650.0 | ||
| 008 | 180404s1383 ii a|||| |||| 000 0 ben d | ||
| 035 | _a(BD-JhCC)10056 | ||
| 040 |
_aBD-JhCC _dBD-JhCC |
||
| 041 | _aben | ||
| 082 |
_a891.4409 _bDEB 1383 |
||
| 100 | _aদেবী, মহাশ্বেতা | ||
| 245 |
_aজিম করবেট অমনিবাস : _bজন্মশতবার্ষিক সংস্করণ / _cমহাশ্বেতা দেবী, |
||
| 260 |
_aকলকাতা : _bকরুণা প্রকাশনী _c1383. |
||
| 300 |
_a458 p. : _c252 cm. |
||
| 650 | _aCollection of works | ||
| 942 |
_2ddc _cBK |
||
| 999 |
_c10056 _d10056 |
||